Indian Armed Forces in World War-1/ (Record no. 205379)

MARC details
000 -LEADER
fixed length control field 00857nam a22002177a 4500
005 - DATE AND TIME OF LATEST TRANSACTION
control field 20240828154310.0
010 ## - LCCN (DPL NO)
LC control number ENG-141527
020 ## - INTERNATIONAL STANDARD BOOK NUMBER
International Standard Book Number 9789354093401
Terms of availability 700.00
035 ## - SYSTEM CONTROL NUMBER
System control number EN-125059
037 ## - SOURCE OF ACQUISITION
Source of stock number/acquisition DBAD
082 ## - DEWEY DECIMAL CLASSIFICATION NUMBER
Classification number 940.354
Edition number 1
245 ## - TITLE STATEMENT
Title Indian Armed Forces in World War-1/
Statement of responsibility, etc Edited By U.P. Thapiyal; Reva Dhanedhar [and] Om Shankar
250 ## - EDITION STATEMENT
Edition statement 1
260 ## - PUBLICATION, DISTRIBUTION, ETC. (IMPRINT)
Place of publication, distribution, etc New Delhi
Name of publisher, distributor, etc Publication Division Ministry of Information and Broadcasting Government of India
Date of publication, distribution, etc 2022
270 ## - ADDRESS
Address Publication Division Ministry of Information and Broadcasting Government of India, Soochna Bhawan, CGO Complex, Lodhi Road
City New Delhi
Postal code 110003
300 ## - PHYSICAL DESCRIPTION
Extent 340p.:
Dimensions 24cm(hb)
700 ## - ADDED ENTRY--PERSONAL NAME
Personal name Thapiyal, U.P.
Relator term Editor
9 (RLIN) 70703
700 ## - ADDED ENTRY--PERSONAL NAME
Personal name Dhanedhar, Reva
Relator term Editor
9 (RLIN) 70704
700 ## - ADDED ENTRY--PERSONAL NAME
Personal name Shankar, Om
Relator term Editor
9 (RLIN) 70705
942 ## - ADDED ENTRY ELEMENTS (KOHA)
Source of classification or shelving scheme Dewey Decimal Classification
Classification part 940.354
Call number suffix IND
Item type English Books
Holdings
Withdrawn status Lost status Not for loan Collection code Home library Current library Date acquired Source of acquisition Cost, normal purchase price Full call number Barcode Copy number Cost, replacement price Koha item type
      Non-fiction Shahdara Branch Shahdara Branch 28/08/2024 Delivery of Books Act Division 700.00 940.354 IND EN-125059 1 700.00 English Books

© Delhi Public Library
Hit Counter
free hit counter